Quick math quiz only a short quiz 14 - Statistics

General Stats
  • This quiz has been taken 54 times
  • The average score is 15 of 15
Answer Stats
Hint Answer % Correct
1 x 11 = 11
100%
10 x 11 = 110
100%
2 x 11 = 22
100%
3 x 11 = 33
100%
4 x 11 = 44
100%
5 x 11 = 55
100%
6 x 11 = 66
100%
7 x 11 = 77
100%
8 x 11 = 88
100%
9 x 11 = 99
100%
12 x 11 = 132
98%
11 x 11 = 121
95%
13 x 11 = 143
95%
14 x 11 = 154
95%
15 x 11 = 165
95%
No matching quizzes found
Score Distribution
Percent of People with Each Score
Percentile by Number Answered
Your Score History
You have not taken this quiz